Statistics for FIFA OFC Members by Badge

Click here to take the quiz!

General Stats

  • This quiz has been taken 91 times
  • The average score is 10 of 13

Answer Stats

Answer% Correct
New Zealand
95%
Papua New Guinea
94%
Tahiti
90%
Samoa
87%
American Samoa
86%
Solomon Islands
79%
Tuvalu
79%
Cook Islands
76%
Fiji
76%
New Caledonia
71%
Vanuatu
71%
Tonga
70%
Kiribati
51%

Score Distribution

Percentile by Number Answered

Percent of People with Each Score

Your Score History

You have not taken this quiz